| 000 | 00924nam a2200181 a 4500 | ||
|---|---|---|---|
| 090 |
_aIAVH _b00765 CD-1 |
||
| 041 | _aspa | ||
| 110 |
_bFundación Pangea _91305 |
||
| 245 | _aMantenimiento, acompañamiento y seguimiento de las HMP establecidas en ventana ganadera de la cuenca media del río Chambery, municipios de Aranzazu y Salamina, Caldas | ||
| 260 |
_aCali _bInstituto Alexander von Humboldt _c2005 |
||
| 300 | _a156 p. | ||
| 520 | _aEsta consultoría sobre mantenimiento de las Herramientas de Manejo del Paisaje se desarrolló bajo cuatro ejes temáticos, así: Seguimiento técnico de las HMP, Mantenimiento de las HMP, Divulgación y Gestión. | ||
| 650 |
_aConservación _992401 |
||
| 650 |
_aBiodiversidad _992204 |
||
| 650 |
_aPaisawje rural _929072 |
||
| 662 |
_cColombia _dAranzazu _bCaldas |
||
| 773 | 0 |
_05986 _99704 _a _b _dBogotá Informatica documental 2007 _o024802 _tInformes de investigaciones IAVH en PDF _w _x _z |
|
| 999 |
_c6024 _d6024 |
||